GALILEO (Record n. 106042)
[ formato base ]
| 000 -LEADER | |
|---|---|
| fixed length control field | 01657agaaa2200325 4500 |
| 001 - CONTROL NUMBER | |
| control field | 1657 |
| 003 - CONTROL NUMBER IDENTIFIER | |
| control field | IT-RoPAU |
| 005 - DATE AND TIME OF LATEST TRANSACTION | |
| control field | 20220918181240.0 |
| 007 - PHYSICAL DESCRIPTION FIXED FIELD--GENERAL INFORMATION | |
| fixed length control field | d cvaizq |
| 008 - FIXED-LENGTH DATA ELEMENTS--GENERAL INFORMATION | |
| fixed length control field | 50131s9999||||xx ||| | || ||und|| |
| 040 ## - CATALOGING SOURCE | |
| Original cataloging agency | IT-RoPAU |
| Transcribing agency | IT-RoPAU |
| 041 ## - LANGUAGE CODE | |
| Language code of text/sound track or separate title | ITALIANO |
| 100 ## - MAIN ENTRY--PERSONAL NAME | |
| Personal name | Cavani Liliana |
| Miscellaneous information | Codice regista SPICS: 8251 |
| 9 (RLIN) | 44768 |
| 130 ## - MAIN ENTRY--UNIFORM TITLE | |
| Uniform title | GALILEO |
| 9 (RLIN) | 44769 |
| 245 ## - TITLE STATEMENT | |
| Title | GALILEO |
| Statement of responsibility, etc. | Prodotto da: Pescarolo Leonardo -- Sceneggiatura: Pinelli Tullio Cavani Liliana Onofri Fabrizio -- Diretto da: Cavani Liliana |
| Name of part/section of a work | GALILEO (Rif. Codice opera principale : 21657) |
| 250 ## - EDITION STATEMENT | |
| Edition statement | Edizione Standard |
| 260 ## - PUBLICATION, DISTRIBUTION, ETC. (IMPRINT) | |
| Place of publication, distribution, etc. | ITALIA - SOFIA (ITALIA) |
| Name of publisher, distributor, etc. | FENICE - RIZZOLI - STUDIO FILM / |
| Date of manufacture | "1968 (1° ed.: 1993 ; Ed. Lingua Orig.: 1968)" |
| 300 ## - PHYSICAL DESCRIPTION | |
| Extent | 16MM |
| Other physical details | sonoro, col. |
| Dimensions | 108 minuti |
| 508 ## - CREATION/PRODUCTION CREDITS NOTE | |
| Creation/production credits note | "Fotografia: Contini Alfio; Montaggio: Baragli Nino; Musica: Morricone Ennio; Sceneggiatura: Pinelli Tullio Cavani Liliana Onofri Fabrizio; Scenografia: Frigerio Ezio; Soggetto: Pinelli Tullio -- Cavani Liliana" |
| 511 ## - PARTICIPANT OR PERFORMER NOTE | |
| Participant or performer note | "Cusack Cyril; Broggi Giulio; Ballista Gigi; Doicev Nicolai; Dragomaska Maia" |
| 520 ## - SUMMARY, ETC. | |
| Summary, etc. | FILM A COLORI. PELLICOLA IN BUONO STATO. PER LA TRAMA VEDERE VIDEOCASSETTA:9960/21491 |
| 538 ## - SYSTEM DETAILS NOTE | |
| System details note | MONO |
| 546 ## - LANGUAGE NOTE | |
| Language note | ITALIANO |
| 650 ## - SUBJECT ADDED ENTRY--TOPICAL TERM | |
| Topical term or geographic name as entry element | DRAMMATICO |
| Relator term | PELLICOLE CINEMA [16MM] |
| General subdivision | Codice MATERIA SPICS: 9955 |
| 9 (RLIN) | 44770 |
| 700 ## - ADDED ENTRY--PERSONAL NAME | |
| Personal name | Cavani Liliana |
| Relator term | (regista) |
| Miscellaneous information | Codice regista SPICS: 8251 |
| 9 (RLIN) | 44771 |
| 700 ## - ADDED ENTRY--PERSONAL NAME | |
| Personal name | Cavani Liliana |
| Relator term | (soggetto) |
| Miscellaneous information | Codice Soggetto 2° SPICS: 8251 |
| 9 (RLIN) | 44772 |
| 700 ## - ADDED ENTRY--PERSONAL NAME | |
| Personal name | Morricone Ennio |
| Relator term | (musica) |
| Miscellaneous information | Codice Musica SPICS: 3535 |
| 9 (RLIN) | 44773 |
| 700 ## - ADDED ENTRY--PERSONAL NAME | |
| Personal name | Pinelli Tullio |
| Relator term | (soggetto) |
| Miscellaneous information | Codice Soggetto SPICS: 2556 |
| 9 (RLIN) | 44774 |
| 942 ## - ADDED ENTRY ELEMENTS (KOHA) | |
| Koha item type | 16 MM |
| Source of classification or shelving scheme | Dewey Decimal Classification |
| Withdrawn status | Lost status | Damaged status | Not for loan | Home library | Current library | Date acquired | Total Checkouts | Full call number | Date last seen | Price effective from | Koha item type | Public note |
|---|---|---|---|---|---|---|---|---|---|---|---|---|
| Buone Condizioni | Not For Loan | SPICS-MEDIATECA | SPICS-MEDIATECA | 31/01/2015 | 21657 | 31/01/2015 | 31/01/2015 | 16 MM | Progr. Ins.: 1453 / N.Vol.:3 / Copie: 1 / Pag.: / Copia rara: n.d. / date import: 1.2.2015 / By Epidotti, Trombetti, Vaglietti - CUSTODITA PRESSO FILMOTECA VATICANA |